000 02172nam a22001817a 4500
100 _aDeepthi, R
245 _aWintering pattern in certain new generation clones of Hevea brasiliensis
260 _bInternational Conference on Sustainable Utilization of Bioresources, 10-15 January 2022, Department of Botany, University of Kerala, Thiruvananthapuram, India. Abstracts, p.221.
300 _bAbstract only-Soft copy
520 _aHevea brasiliensis, Para rubber tree, belonging to the family Euphorbiaceae provide natural rubber in the form of latex which is an important raw material for automobile tyre and allied industries. Rubber is a deciduous tree winters annually, from December to February. Wintering varies with genotype, age, climatic conditions etc., this may extent up to the onset of drought. Wintering pattern is crucial for the breeders to determine flowering synchrony of potential parental clones as well as incidence/escape of powdery mildew attack, which affects young rubber leaves, buds, inflorescence and other immature terminal tissues reducing rubber latex yields considerably. Present study was carried out in new genotypes under testing from two statistically designed trial populations of 50 clones. Clones were originated from either half-sibs or hybrids including four reference clones. Five clones (514, 690, 575, 844, 843) in trial I population were identified with exceptional early wintering of 77 to 88 percentage and disease escape. Late wintering by the clone 848 having 32 percentage of leaf shedding was observed during the month of December to February. The check clone (RRII 429) registered 76 percentage of wintering during the same period. Whereas in the trial II, early wintering rate was observed in clone 276 with 95 percentage leaf shedding, followed by clones 178, 337, 355, 489 and RRII 414 indicating clonal variability for this trait, usefulness in future breeding programs and powdery mildew disease management caused by Oidium
650 _aWintering pattern
650 _aFlowering
650 _aDisease escape
650 _aClonal variability
650 _aPara rubber
700 _aGireesh, T.
942 _cJS
999 _c75145
_d75145